[Event "Nugegoda SRI GP (Women) 2nd"]
[Site "Nugegoda"]
[Date "2021.02.19"]
[Round "7"]
[White "Sanudula, KM Dahamdi"]
[Black "Mendis, Dasuni Hansika"]
[Result "1/2-1/2"]
[WhiteElo "1593"]
[BlackElo "1677"]
[PlyCount "77"]
[EventDate "2021.02.13"]
[EventType "tourn"]
[EventRounds "11"]
[EventCountry "SRI"]
[SourceTitle "EXT 2022"]
[Source "ChessBase"]
[SourceDate "2021.10.06"]
[SourceVersion "1"]
[SourceVersionDate "2021.10.06"]
[SourceQuality "1"]

1. e4 c6 2. d4 d5 3. e5 c5 4. Nf3 cxd4 5. Nxd4 Nc6 6. f4 e6 7. Bb5 Bd7 8. c3 a6 9. Nxc6 bxc6 10. Bd3 Bc5 11. Qe2 Qb6 12. Nd2 Qa7 13. b4 Bb6 14. a4 a5 15. b5 Ne7 16. Ba3 Be3 17. g3 cxb5 18. axb5 Bb6 19. c4 Bc5 20. Nb3 Bxa3 21. Rxa3 dxc4 22. Rxa5 Qxa5+ 23. Nxa5 Rxa5 24. Bb1 Bxb5 25. Qc2 Nd5 26. 0-0 g6 27. f5 gxf5 28. Ba2 0-0 29. Qd2 Rfa8 30. Bb1 Kh8 31. Qh6 Rg8 32. Qh4 Raa8 33. Qh5 Ra7 34. Qh4 Ra1 35. Bc2 Ra2 36. Be4 Bc6 37. Bxd5 Bxd5 38. Qf6+ Rg7 39. Qd8+ 1/2-1/2

[Event "Asia-chT rapid U23 (Women) 5th"]
[Site "Ashkhabad"]
[Date "2017.09.25"]
[Round "1.2"]
[White "Kurbonboeva, Sarvinoz"]
[Black "Mendis, Dasuni Hansika"]
[Result "1-0"]
[WhiteElo "2218"]
[BlackElo "1746"]
[PlyCount "67"]
[EventDate "2017.09.25"]
[EventType "team-swiss (rapid)"]
[EventRounds "5"]
[EventCountry "TKM"]
[SourceTitle "EXT 2018"]
[Source "ChessBase"]
[SourceDate "2017.10.13"]
[SourceVersion "1"]
[SourceVersionDate "2017.10.13"]
[SourceQuality "1"]
[WhiteTeam "Uzbekistan"]
[BlackTeam "Sri Lanka"]
[WhiteTeamCountry "UZB"]
[BlackTeamCountry "SRI"]

1. d4 Nf6 2. c4 e6 3. Nc3 Bb4 4. e3 b6 5. Bd3 Bb7 6. Nf3 Bxc3+ 7. bxc3 Ne4 8. Qc2 f5 9. 0-0 0-0 10. c5 bxc5 11. Rb1 Bc6 12. c4 Qe8 13. Nd2 Nxd2 14. Bxd2 Qg6 15. f3 cxd4 16. exd4 d6 17. Ba5 Qf6 18. Qf2 Rc8 19. Rfd1 Ba4 20. Rdc1 c5 21. Bc3 Qf7 22. Re1 Bd7 23. Rb7 Na6 24. Bc2 Rcb8 25. Reb1 Qe8 26. Qg3 cxd4 27. Bxd4 e5 28. Bf2 Kh8 29. Bxf5 Rxb7 30. Rxb7 Rd8 31. Rxa7 Nb8 32. Be4 Nc6 33. Bxc6 Bxc6 34. Qxg7# 1-0

[Event "Asian Indoor Games (Women) 5th"]
[Site "Ashkhabad"]
[Date "2017.09.22"]
[Round "3"]
[White "Mendis, Dasuni Hansika"]
[Black "Nihaya, Ahmed"]
[Result "1-0"]
[WhiteElo "1746"]
[BlackElo "1133"]
[PlyCount "73"]
[EventDate "2017.09.21"]
[EventType "swiss"]
[EventRounds "7"]
[EventCountry "TKM"]
[SourceTitle "CBM 180 Extra"]
[Source "ChessBase"]
[SourceDate "2017.10.06"]
[SourceVersion "1"]
[SourceVersionDate "2017.10.06"]
[SourceQuality "1"]

1. d4 Nf6 2. c4 g6 3. Nc3 Bg7 4. e4 d6 5. f3 0-0 6. Be3 Nbd7 7. Qd2 b6 8. h4 c5 9. d5 Ne5 10. Bh6 a6 11. g4 e6 12. h5 Ne8 13. Be2 Qe7 14. Bg5 f6 15. Be3 g5 16. h6 Bh8 17. 0-0-0 Bd7 18. f4 Nf7 19. fxg5 fxg5 20. Rh5 Bf6 21. Nh3 Kh8 22. Nxg5 Rg8 23. Nxf7+ Qxf7 24. g5 Be7 25. Rf1 Qg6 26. dxe6 Bxe6 27. Nd5 Bxd5 28. exd5 Rf8 29. Rxf8+ Bxf8 30. Qd3 Nc7 31. Qxg6 hxg6 32. Rh3 Re8 33. Rf3 Kg8 34. Bd3 Re7 35. Bxg6 b5 36. h7+ Kh8 37. Rxf8+ 1-0

[Event "SRI-ch (Women)"]
[Site "Colombo"]
[Date "2017.08.13"]
[Round "6"]
[White "Jayaweera, Sayuni Gihansa"]
[Black "Mendis, Dasuni Hansika"]
[Result "1-0"]
[WhiteElo "1701"]
[BlackElo "1663"]
[PlyCount "59"]
[EventDate "2017.08.10"]
[EventType "tourn"]
[EventRounds "13"]
[EventCountry "SRI"]
[SourceTitle "CBM 180 Extra"]
[Source "ChessBase"]
[SourceDate "2017.10.06"]
[SourceVersion "1"]
[SourceVersionDate "2017.10.06"]
[SourceQuality "1"]

1. d4 Nf6 2. Nf3 e6 3. g3 d5 4. c4 dxc4 5. Bg2 Nc6 6. 0-0 Rb8 7. Nc3 Be7 8. Qa4 0-0 9. Qxc4 Nd5 10. Rd1 Nxc3 11. bxc3 Bd6 12. Bg5 f6 13. Be3 Kh8 14. Qb3 Na5 15. Qa4 b6 16. c4 Bd7 17. Qc2 Qe8 18. Qc3 Nc6 19. c5 Be7 20. Nd2 b5 21. Nb3 a6 22. Bf4 Bd8 23. e4 Ne7 24. d5 Ng6 25. Be3 exd5 26. exd5 f5 27. Bd4 Bf6 28. Re1 Qd8 29. c6 Bc8 30. Nc5 1-0

[Event "Olympiad Women-42"]
[Site "Baku"]
[Date "2016.09.11"]
[Round "9.3"]
[White "Mendis, Dasuni Hansika"]
[Black "Mpinganjira, Ellen"]
[Result "1/2-1/2"]
[WhiteElo "1699"]
[BlackElo "1372"]
[PlyCount "80"]
[EventDate "2016.09.02"]
[EventType "team-swiss"]
[EventRounds "11"]
[EventCountry "AZE"]
[SourceTitle "CBM 174 Extra"]
[Source "ChessBase"]
[SourceDate "2016.10.10"]
[SourceVersion "1"]
[SourceVersionDate "2016.10.10"]
[SourceQuality "1"]
[WhiteTeam "Sri Lanka (W)"]
[BlackTeam "Malawi (W)"]
[WhiteTeamCountry "SRI"]
[BlackTeamCountry "MWI"]

1. d4 e6 2. c4 d5 3. Nc3 Nf6 4. cxd5 exd5 5. Bg5 Be7 6. Qc2 0-0 7. e3 c6 8. Bd3 Nbd7 9. Nf3 Re8 10. 0-0 Nf8 11. a3 Nh5 12. Bxe7 Qxe7 13. b4 Bg4 14. Ne5 Nf6 15. Rfe1 Qc7 16. Nxd5 Nxd5 17. Nxg4 Re7 18. Ne5 g6 19. Bc4 Rd8 20. Rac1 Qd6 21. Qb3 Ne6 22. Bxd5 cxd5 23. Nd3 b6 24. Ne5 Rc7 25. Qb2 Rdc8 26. g3 Ng5 27. f4 Ne4 28. Nd3 Qd7 29. Rxc7 Rxc7 30. Rc1 Rxc1+ 31. Qxc1 Qa4 32. Kg2 Qb3 33. Ne5 Qa2+ 34. Kh3 Nf2+ 35. Kh4 Ne4 36. Kh3 Nf2+ 37. Kh4 Ne4 38. Kh3 Nf2+ 39. Kh4 Ne4 40. Kh3 Nf2+ 1/2-1/2

[Event "SRI-ch (Women)"]
[Site "Colombo"]
[Date "2016.06.04"]
[Round "9"]
[White "Mendis, Dasuni Hansika"]
[Black "Jayaweera, Sayuni Gihansa"]
[Result "1-0"]
[WhiteElo "1679"]
[BlackElo "1515"]
[PlyCount "107"]
[EventDate "2016.05.27"]
[EventType "tourn"]
[EventRounds "13"]
[EventCountry "SRI"]
[SourceTitle "CBM 172 Extra"]
[Source "ChessBase"]
[SourceDate "2016.06.21"]
[SourceVersion "1"]
[SourceVersionDate "2016.06.21"]
[SourceQuality "1"]

1. d4 Nf6 2. c4 c5 3. d5 b5 4. cxb5 a6 5. bxa6 Bxa6 6. Nc3 g6 7. g3 d6 8. Bg2 Bg7 9. Nf3 Nbd7 10. Rb1 0-0 11. 0-0 Qa5 12. Bd2 Bb7 13. Qc2 Qa6 14. e4 Ng4 15. h3 Nge5 16. Nxe5 Nxe5 17. b4 Qd3 18. Rfc1 c4 19. Be3 Ra3 20. Nb5 Raa8 21. Bf1 Nf3+ 22. Kh1 Qxc2 23. Rxc2 c3 24. Be2 Nd2 25. Bxd2 cxd2 26. Rxd2 Rfc8 27. Kg2 Ba6 28. a4 Bxb5 29. Bxb5 Bc3 30. Rc2 Bd4 31. Bc6 Rab8 32. a5 Rc7 33. Rc4 Bc5 34. b5 Ra7 35. Ra4 Bb6 36. Rba1 Bd8 37. b6 Ra6 38. Bb5 Raa8 39. b7 Ra7 40. a6 e6 41. Rc1 Rbxb7 42. axb7 Rxb7 43. Rc8 Rxb5 44. Rxd8+ Kg7 45. Rxd6 exd5 46. exd5 Rb2 47. Rd7 Kf6 48. Rf4+ Ke5 49. Rfxf7 h5 50. Rg7 Kf5 51. Rdf7+ Ke5 52. Rxg6 Kxd5 53. Rf5+ Ke4 54. Rxh5 1-0

[Event "SRI-ch (Women)"]
[Site "Colombo"]
[Date "2016.06.03"]
[Round "8"]
[White "Ranasinghe, Sachini D"]
[Black "Mendis, Dasuni Hansika"]
[Result "1/2-1/2"]
[WhiteElo "1752"]
[BlackElo "1679"]
[PlyCount "73"]
[EventDate "2016.05.27"]
[EventType "tourn"]
[EventRounds "13"]
[EventCountry "SRI"]
[SourceTitle "CBM 172 Extra"]
[Source "ChessBase"]
[SourceDate "2016.06.21"]
[SourceVersion "1"]
[SourceVersionDate "2016.06.21"]
[SourceQuality "1"]

1. Nf3 c5 2. g3 Nc6 3. Bg2 g6 4. 0-0 Bg7 5. c4 Nh6 6. Nc3 Nf5 7. Rb1 Rb8 8. a3 b6 9. d3 Bb7 10. e4 Nfd4 11. Nxd4 Nxd4 12. Ne2 0-0 13. b4 d6 14. Nxd4 Bxd4 15. Bh6 Bg7 16. Qd2 Qd7 17. h4 f5 18. Bxg7 Kxg7 19. Bh3 e6 20. Bg2 Kg8 21. Qg5 Qg7 22. Qe3 Rbe8 23. exf5 exf5 24. Qf4 Bxg2 25. Kxg2 Qe5 26. Qf3 Qe2 27. Qd5+ Qe6 28. Qf3 Qe2 29. Rfe1 Qxf3+ 30. Kxf3 Kf7 31. Re3 Rxe3+ 32. fxe3 Rc8 33. a4 cxb4 34. Rxb4 Rc7 35. Rb5 Rc5 36. Kf4 Kf6 37. e4 1/2-1/2

[Event "SRI-ch (Women)"]
[Site "Colombo"]
[Date "2016.05.27"]
[Round "1"]
[White "Tharushi, THD Niklesha"]
[Black "Mendis, Dasuni Hansika"]
[Result "0-1"]
[WhiteElo "1601"]
[BlackElo "1679"]
[PlyCount "130"]
[EventDate "2016.05.27"]
[EventType "tourn"]
[EventRounds "13"]
[EventCountry "SRI"]
[SourceTitle "CBM 172 Extra"]
[Source "ChessBase"]
[SourceDate "2016.06.21"]
[SourceVersion "1"]
[SourceVersionDate "2016.06.21"]
[SourceQuality "1"]

1. d4 Nf6 2. g3 e6 3. Bg2 d5 4. c4 Nc6 5. Nf3 dxc4 6. 0-0 Rb8 7. a4 Na5 8. e3 b6 9. Bd2 Nb3 10. Ra2 Bd6 11. Na3 Bxa3 12. Rxa3 Bb7 13. Ne5 Bxg2 14. Kxg2 Qd5+ 15. Kg1 c5 16. Bc3 cxd4 17. exd4 Rd8 18. Qb1 Ne4 19. Rd1 Ng5 20. h4 Nf3+ 21. Nxf3 Qxf3 22. d5 f6 23. d6 Qc6 24. Re1 Rxd6 25. Bb4 Rd7 26. Bc3 Nc5 27. Qf5 0-0 28. Qh3 Rfd8 29. Qg4 Rf7 30. Qxc4 Qd5 31. Qg4 e5 32. Raa1 Qc6 33. Qc4 Qe6 34. Qe2 Rfd7 35. Kh2 Qb3 36. Ra3 Qd5 37. Raa1 Qd3 38. Qg4 Qg6 39. Qc4+ Qf7 40. Qg4 h5 41. Qf5 g6 42. Qf3 Kg7 43. Qe2 Nb3 44. Ra3 Nd4 45. Bxd4 Rxd4 46. Kg1 Rd2 47. Qb5 R8d5 48. Qb4 R5d4 49. Qc3 Qd7 50. Qf3 Rxb2 51. Rc1 Rbd2 52. Rc6 Rd6 53. Rcc3 Rd1+ 54. Kg2 R1d4 55. Qe3 Qb7+ 56. f3 Rd2+ 57. Kh3 Qd7+ 58. g4 hxg4+ 59. fxg4 Qb7 60. Qf3 e4 61. Qe3 Rd7 62. Kg3 Qb8+ 63. Qf4 Rg2+ 64. Kxg2 Qxf4 65. Re3 Rd2+ 0-1

[Event "Asia Cup (Women)"]
[Site "Abu Dhabi"]
[Date "2016.04.05"]
[Round "9.4"]
[White "Mendis, Dasuni Hansika"]
[Black "Baymuratova, Sevara"]
[Result "1/2-1/2"]
[WhiteElo "1739"]
[BlackElo "2156"]
[PlyCount "86"]
[EventDate "2016.03.28"]
[EventType "team-swiss"]
[EventRounds "9"]
[EventCountry "UAE"]
[SourceTitle "CBM 171 Extra"]
[Source "ChessBase"]
[SourceDate "2016.04.26"]
[SourceVersion "1"]
[SourceVersionDate "2016.04.26"]
[SourceQuality "1"]
[WhiteTeam "Sri Lanka (W)"]
[BlackTeam "Uzbekistan (W)"]
[WhiteTeamCountry "SRI"]
[BlackTeamCountry "UZB"]

1. d4 d5 2. c4 c6 3. e3 Nf6 4. Nf3 e6 5. Nbd2 Nbd7 6. b3 Bd6 7. Bd3 0-0 8. 0-0 Qe7 9. e4 dxe4 10. Nxe4 Nxe4 11. Bxe4 f5 12. Bc2 e5 13. dxe5 Nxe5 14. Nd4 a6 15. Bb2 c5 16. Nf3 Nxf3+ 17. Qxf3 Be6 18. Rfe1 Rae8 19. Rad1 Bb8 20. Qc3 Qf7 21. Re2 Bd7 22. Red2 Bc6 23. Qh3 Bf4 24. Rd3 Re2 25. Bc1 Qe6 26. Be3 Re8 27. Bb1 Bxe3 28. Rxe3 Rxe3 29. fxe3 g6 30. Kf2 Qe5 31. Re1 Qb2+ 32. Kf1 Rd8 33. Qg3 Rd2 34. e4 f4 35. Qxf4 Rxg2 36. Qb8+ Kf7 37. Qc7+ Ke8 38. Qc8+ Ke7 39. Qc7+ Ke6 40. Qc8+ Kf7 41. Qc7+ Ke6 42. Qc8+ Ke5 43. Qc7+ Ke6 1/2-1/2